000 00373nam a2200133Ia 4500
008 151001s9999||||xx |||||||||||||| ||und||
100 _aएम पी कमल
245 _aप्राकृतिक महाविनाश
250 _a1
260 _bमित्तल बुक एजन्सी
260 _c2009
300 _a216
365 _b21
999 _c994280
_d994277